[Event "Granada Region-ch"]
[Site "Granada"]
[Date "2013.??.??"]
[Round "4.2"]
[White "Castillo Rodriguez, Angel Luis"]
[Black "Orantes Taboada, Manuel"]
[Result "1-0"]
[WhiteElo "1937"]
[BlackElo "1947"]
[PlyCount "141"]
[EventDate "2013.01.20"]
[EventType "swiss"]
[EventRounds "6"]
[EventCountry "ESP"]
[SourceTitle "EXT 2024"]
[Source "ChessBase"]
[SourceDate "2023.10.10"]
[SourceVersion "1"]
[SourceVersionDate "2023.10.10"]
[SourceQuality "1"]

1. e4 c5 2. d4 cxd4 3. c3 dxc3 4. Nxc3 a6 5. Bc4 e6 6. Nf3 Qc7 7. Qe2 Nc6 8. 0-0 Bd6 9. Rd1 Ne5 10. Nxe5 Bxe5 11. g3 Bxc3 12. bxc3 b5 13. Bb3 Ne7 14. Ba3 Bb7 15. Rac1 Qc6 16. f3 Qb6+ 17. Kg2 Rc8 18. Qd2 Qd8 19. c4 f6 20. cxb5 Rxc1 21. Qxc1 Qb6 22. bxa6 Bxa6 23. Qd2 Bb5 24. Qb4 Nc8 25. Qd2 Kf7 26. h4 Re8 27. Bb4 Bc6 28. a4 Qa6 29. a5 Na7 30. Rc1 Nb5 31. Bc4 Rb8 32. g4 g6 33. Bc5 Qc8 34. Bb6 Nc7 35. Qd6 Ne8 36. Bxe6+ dxe6 37. Qxc6 Qxc6 38. Rxc6 Ke7 39. Kf2 Kd7 40. Rc2 h6 41. Ke2 Rc8 42. Rxc8 Kxc8 43. Kd3 Kb7 44. Kd4 Nd6 45. Kc5 Nf7 46. f4 g5 47. hxg5 hxg5 48. f5 exf5 49. gxf5 g4 50. Kd5 Ng5 51. Bd8 Nh7 52. Kd4 g3 53. Ke3 g2 54. Kf2 Ng5 55. e5 Nf3 56. Kxg2 Nxe5 57. Bxf6 Nd7 58. Bc3 Kc6 59. Kf3 Nc5 60. Kf4 Kd5 61. f6 Ke6 62. Bd4 Na6 63. Kg5 Kf7 64. Kf5 Nb4 65. Bc3 Na6 66. Ke5 Nc7 67. Bb2 Na6 68. Kd6 Nb8 69. Kc7 Na6+ 70. Kb6 Nb4 71. a6 1-0

[Event "ESP-ch U16"]
[Site "Salobrena"]
[Date "2012.07.18"]
[Round "5"]
[White "Castillo Rodriguez, Angel Luis"]
[Black "Buendia Pinar, Alvaro"]
[Result "0-1"]
[WhiteElo "1805"]
[BlackElo "1999"]
[PlyCount "138"]
[EventDate "2012.07.16"]
[EventType "swiss"]
[EventRounds "9"]
[EventCountry "ESP"]
[SourceTitle "EXT 2014"]
[Source "ChessBase"]
[SourceDate "2013.11.20"]
[SourceVersion "1"]
[SourceVersionDate "2013.11.20"]
[SourceQuality "1"]

1. e4 c6 2. Nc3 d5 3. Qf3 dxe4 4. Nxe4 Nf6 5. Bc4 e6 6. Nxf6+ Qxf6 7. Qxf6 gxf6 8. d4 Bd6 9. Ne2 Nd7 10. Bf4 Bxf4 11. Nxf4 b5 12. Bd3 Nb6 13. 0-0-0 Bb7 14. Rhe1 0-0-0 15. c3 f5 16. Be2 Nd7 17. Nd3 a6 18. f4 c5 19. g3 cxd4 20. cxd4 Nf6 21. Ne5 Rhf8 22. b3 Ne4 23. Kb2 Rd6 24. a4 f6 25. Rc1+ Kb8 26. Nf3 bxa4 27. Rc4 axb3 28. Rb4 Ka7 29. Rc1 Rb6 30. Rxb3 Rxb3+ 31. Kxb3 Bd5+ 32. Ka3 Rf7 33. Bd1 Rb7 34. Ne1 Nd6 35. Nd3 Nc4+ 36. Rxc4 Bxc4 37. Nc5 Rb1 38. Bf3 Bd5 39. Bxd5 exd5 40. Nd7 Rh1 41. Nxf6 Rxh2 42. Nxd5 Rh3 43. Kb4 Rxg3 44. Nf6 Kb6 45. Nxh7 Rg4 46. Nf6 Rg1 47. Nd5+ Kb7 48. Ka3 Rd1 49. Ne7 Rxd4 50. Nxf5 Rxf4 51. Ne7 Rf7 52. Nd5 Kc6 53. Nb4+ Kb5 54. Na2 Rf3+ 55. Kb2 a5 56. Nc3+ Kc4 57. Nb1 Kb4 58. Nd2 Rf2 59. Kc1 a4 60. Ne4 Rh2 61. Kb1 a3 62. Ka1 Re2 63. Ng3 Re5 64. Ka2 Re3 65. Nf5 Re2+ 66. Ka1 Rd2 67. Ne3 Kb3 68. Kb1 Re2 69. Nd1 Re1 0-1

[Event "Andalucia-ch U16"]
[Site "Islantilla"]
[Date "2012.04.13"]
[Round "2"]
[White "Castillo Rodriguez, Angel Luis"]
[Black "Toscano Martin, Jesus"]
[Result "1-0"]
[WhiteElo "1805"]
[BlackElo "1599"]
[PlyCount "57"]
[EventDate "2012.04.13"]
[EventType "swiss"]
[EventRounds "9"]
[EventCountry "ESP"]
[SourceTitle "CBM 148 Extra"]
[Source "ChessBase"]
[SourceDate "2012.06.22"]
[SourceVersion "1"]
[SourceVersionDate "2012.06.22"]
[SourceQuality "1"]

1. e4 e5 2. Nf3 d6 3. d4 exd4 4. Nxd4 Bd7 5. Nc3 Nc6 6. Bc4 a6 7. a4 Nf6 8. 0-0 Be7 9. h3 Nxd4 10. Qxd4 Be6 11. Bxe6 fxe6 12. f4 Qd7 13. Be3 b6 14. Qd2 0-0-0 15. Qe2 Kb7 16. Rfd1 Qc6 17. Bf2 e5 18. a5 b5 19. Nd5 Nxd5 20. exd5 Qc4 21. Qe3 Ra8 22. fxe5 dxe5 23. b3 Qb4 24. c4 bxc4 25. bxc4 Qxc4 26. Qxe5 Bd6 27. Rab1+ Kc8 28. Qe6+ Kd8 29. Rd4 1-0

[Event "Andalucia-ch U16 1011"]
[Site "Almeria"]
[Date "2011.03.26"]
[Round "7.7"]
[White "Calle Moreau, Sergio"]
[Black "Castillo Rodriguez, Angel Luis"]
[Result "1/2-1/2"]
[WhiteElo "1868"]
[BlackElo "1814"]
[PlyCount "78"]
[EventDate "2011.03.25"]
[EventType "swiss"]
[EventRounds "9"]
[EventCountry "ESP"]
[SourceTitle "EXT 2024"]
[Source "ChessBase"]
[SourceDate "2023.10.10"]
[SourceVersion "1"]
[SourceVersionDate "2023.10.10"]
[SourceQuality "1"]

1. e4 e6 2. Nf3 d5 3. Nc3 dxe4 4. Nxe4 Nd7 5. d4 Ngf6 6. Nxf6+ Nxf6 7. Bd3 b6 8. 0-0 Bb7 9. c3 Be7 10. Bf4 0-0 11. Bc2 c5 12. Qd3 Be4 13. Qd2 Bxc2 14. Qxc2 Nd5 15. Bg3 cxd4 16. Nxd4 Rc8 17. Qa4 a5 18. Nc6 Qd7 19. Nxe7+ Qxe7 20. Rad1 Qc5 21. Qc2 b5 22. Qd2 b4 23. cxb4 Qxb4 24. Qxb4 axb4 25. Rc1 Ra8 26. a3 bxa3 27. bxa3 Rfd8 28. Ra1 Ra4 29. Rfc1 Kf8 30. Kf1 Ke7 31. Rcb1 Rd7 32. Rb8 Rda7 33. Be5 f6 34. Bb2 Nf4 35. Rd1 Nd5 36. Rd3 Rc7 37. Rg3 Kf7 38. Rgb3 Rac4 39. R8b7 h6 1/2-1/2